El tesoro del molino viejo

Na minha lista:
Detalhes bibliográficos
Autor principal: Valencak, Hannelore (Author)
Formato: Livro
Idioma:espanhol
Publicado em: Madrid Ediciones SM 1988
Edição:9a. ed
Colecção:Colección El Barco de Vapor, 32
Assuntos:
Tags: Adicionar Tag
Sem tags, seja o primeiro a adicionar uma tag!

MARC

LEADER 00000nam a2200000 a 4500
001 UCH5601
003 CL-VaPUC
008 091014e19880000SP |||||||||||||||||spa|d
020 |a 8434810050 
082 0 4 |a 832  |b VAL  |2 21 
100 0 |a Valencak, Hannelore  |e author  |9 541874 
245 1 3 |a El tesoro del molino viejo 
250 |a 9a. ed 
300 |a 173 p 
942 |c BK 
945 |d 20091014 00:00:00  |a lazolas 
260 |a Madrid  |b Ediciones SM  |c 1988 
500 |a Premio A.M.A.D.E. 
650 0 |a Novelas austriacas  |9 269443 
650 7 |a CUENTOS AUSTRIACOS  |2 CL-VaPUC  |9 541875 
650 0 |a Literatura austríaca   |9 334012 
650 0 |a Literatura juvenil   |9 309909 
583 |a last modification  |c 20091014 00:00:00  |k Rodrigo Vera 
490 0 |a Colección El Barco de Vapor, 32 
999 |c 336711  |d 336709